000 00960nam a2200325 i 4500
001 32560
003 AR-RoBPED
005 20260413131440.0
008 030307s1972 sp er 001 j spa d
040 _aM-BN
_dAR-RoBPED
041 _aspa
100 1 _aShólojov, Mijael
_d1905-1984
_920177
245 1 0 _aCuentos del Don /
_cM. A. Sholojov.
260 _a[Estella, Navarra] :
_bSalvat,
_c1972.
300 _a182 p., 1 h. ;
_c19 cm.
490 0 _a(Biblioteca básica Salvat ;
_v95)
505 0 _tEl lunar.
505 0 _tSangre de Shibalock.
505 0 _tEl guarda del melonar.
505 0 _tEl gran camino.
505 0 _tEl torbellino.
505 0 _tLa bígama.
505 0 _tUn enemigo mortal.
505 0 _tEl potrillo.
505 0 _tLa estepa azul.
650 4 _aLITERATURA RUSA
_93413
650 4 _aCUENTOS REALISTAS
_96066
942 _2udc
_ak. 32560
_cBK
_h882-3
_mS 47
_nInv. 42378
945 _amev 13/04/2025 - cd 13/04/2026
999 _c32560
_d32560